Statistiques concernant Top 5 des trophées NBA depuis 2010

Cliquez ici pour prendre le quiz!

Statistiques générales

  • Ce quiz a été pris 214 fois
  • Le résultat moyen est 205 sur 355

Statistiques - réponses

annéestrophéesclassementjoueuréquipe% Correct
2010MVP1LeBron JamesCavaliers
99%
2LeBron JamesLakers
99%
4LeBron JamesHeat
99%
2LeBron JamesHeat
99%
2LeBron JamesHeat
99%
2012MVP1LeBron JamesHeat
99%
3LeBron JamesCavaliers
99%
3LeBron JamesCavaliers
99%
4LeBron JamesCavaliers
99%
5 bisLeBron JamesCavaliers
99%
3LeBron JamesHeat
99%
2LeBron JamesCavaliers
99%
2013MVP1LeBron JamesHeat
99%
4LeBron JamesCavaliers
99%
2Kevin DurantThunder
96%
2Kevin DurantThunder
96%
5Kevin DurantThunder
96%
2014MVP1Kevin DurantThunder
96%
2 bisKevin DurantThunder
96%
2Kevin DurantThunder
96%
5Kevin DurantThunder
96%
4Kobe BryantLakers
95%
3Kobe BryantLakers
95%
5Kobe BryantLakers
95%
4Kobe BryantLakers
95%
4Stephen CurryWarriors
95%
2016MVP1Stephen CurryWarriors
95%
2Stephen CurryWarriors
95%
3Stephen CurryWarriors
95%
2015MVP1Stephen CurryWarriors
95%
5Stephen CurryWarriors
95%
3Nikola JokicNuggets
94%
2Nikola JokicNuggets
94%
2022MVP1Nikola JokicNuggets
94%
4Nikola JokicNuggets
94%
2Nikola JokicNuggets
94%
2021MVP1Nikola JokicNuggets
94%
5Rudy GobertJazz
93%
3Rudy GobertJazz
93%
3Rudy GobertJazz
93%
3Rudy GobertJazz
93%
3Rudy GobertJazz
93%
DPOY1Rudy GobertJazz
93%
2Rudy GobertJazz
93%
DPOY1Rudy GobertJazz
93%
DPOY1Rudy GobertJazz
93%
3James HardenRockets
92%
2James HardenRockets
92%
5James HardenRockets
92%
2James HardenRockets
92%
2018MVP1James HardenRockets
92%
2James HardenRockets
92%
6MOY1James HardenThunder
92%
2Joel Embiid76ers
92%
2Joel Embiid76ers
92%
2023MVP1Joel Embiid76ers
92%
4Joel Embiid76ers
92%
2Joel Embiid76ers
92%
3Joel Embiid76ers
92%
4Russell WestbrookThunder
92%
4Russell WestbrookThunder
92%
5Russell WestbrookThunder
92%
2017MVP1Russell WestbrookThunder
92%
DPOY1Giannis AntetokounmpoBucks
90%
3Giannis AntetokounmpoBucks
90%
3Giannis AntetokounmpoBucks
90%
3Giannis AntetokounmpoBucks
90%
2020MVP1Giannis AntetokounmpoBucks
90%
2Giannis AntetokounmpoBucks
90%
MIP1Giannis AntetokounmpoBucks
90%
5Giannis AntetokounmpoBucks
90%
2019MVP1Giannis AntetokounmpoBucks
90%
4Giannis AntetokounmpoBucks
90%
ROY1Luka DoncicMavericks
90%
3Luka DoncicMavericks
90%
4Luka DoncicMavericks
90%
5Luka DoncicMavericks
90%
3Jayson TatumCeltics
89%
4Jayson TatumCeltics
89%
4Jayson TatumCeltics
89%
3Anthony DavisPelicans
86%
2Anthony DavisHornets
86%
3Anthony DavisPelicans
86%
5Anthony DavisPelicans
86%
3Anthony DavisPelicans
86%
4Anthony DavisPelicans
86%
2Anthony DavisLakers
86%
3Chris PaulClippers
86%
5Chris PaulSuns
86%
4Chris PaulClippers
86%
4Glen DavisCeltics
86%
5Kawhi LeonardClippers
86%
3Kawhi LeonardSpurs
86%
3Kawhi LeonardSpurs
86%
2Kawhi LeonardSpurs
86%
DPOY1Kawhi LeonardSpurs
86%
DPOY1Kawhi LeonardSpurs
86%
4Kawhi LeonardSpurs
86%
2Draymond GreenWarriors
85%
4Draymond GreenWarriors
85%
DPOY1Draymond GreenWarriors
85%
2Draymond GreenWarriors
85%
3Draymond GreenWarriors
85%
2Draymond GreenWarriors
85%
5Dwyane WadeHeat
85%
4Gerald GreenSuns
85%
4Jalen GreenRockets
85%
4Derrick RoseBulls
84%
3Derrick RosePistons-Knicks
84%
2011MVP1Derrick RoseBulls
84%
ROY1Ja MorantGrizzlies
84%
MIP1Ja MorantGrizzlies
84%
2Shai Gilgeous-AlexanderThunder
84%
5Shai Gilgeous-AlexanderThunder
84%
5Tony ParkerSpurs
83%
4Devin BookerSuns
82%
4Devin BookerSuns
82%
3Paul GeorgeThunder
82%
4Paul GeorgeThunder
82%
MIP1Paul GeorgePacers
82%
3Paul GeorgeThunder
82%
ROY1Damian LillardTrail Blazers
81%
4Damian LillardTrail Blazers
81%
2Dwight HowardMagic
81%
3Dwight HowardMagic
81%
DPOY1Dwight HowardMagic
81%
4Dwight HowardMagic
81%
DPOY1Dwight HowardMagic
81%
ROY1Michael Carter-Williams76ers
79%
2Bam AdebayoHeat
77%
4Bam AdebayoHeat
77%
5Bam AdebayoHeat
77%
4Bam AdebayoHeat
77%
5Bam AdebayoHeat
77%
2Jalen WilliamsThunder
77%
6MOY1Lou WilliamsClippers
77%
6MOY1Lou WilliamsRaptors
77%
6MOY1Lou WilliamsClippers
77%
3Lou WilliamsLakers-Rockets
77%
2Lou Williams76ers
77%
3Lou WilliamsClippers
77%
ROY1Paolo BancheroMagic
77%
4Jaren Jackson jr.Grizzlies
76%
DPOY1Jaren Jackson jr.Grizzlies
76%
5Jaren Jackson jr.Grizzlies
76%
ROY1LaMelo BallHornets
75%
2Trae YoungHawks
75%
ROY1Kyrie IrvingCavaliers
74%
3Thaddeus Young76ers
74%
3Blake GriffinClippers
73%
ROY1Blake GriffinClippers
73%
2Brook LopezBucks
73%
5Marcus SmartCeltics
73%
DPOY1Marcus SmartCeltics
73%
ROY1Ben Simmons76ers
72%
2Ben Simmons76ers
72%
4Ben Simmons76ers
72%
2Anthony EdwardsTimberwolves
71%
2Donovan MitchellJazz
71%
4Joakim NoahBulls
71%
4Joakim NoahBulls
71%
DPOY1Joakim NoahBulls
71%
3Jarrett JackWarriors
70%
MIP1Jimmy ButlerBulls
70%
ROY1Karl-Anthony TownsTimberwolves
70%
5Keegan MurrayKings
70%
3Carmelo AnthonyKnicks
69%
2Dejounte MurraySpurs
69%
5 bisJamal MurrayNuggets
69%
MIP1Lauri MarkkanenJazz
69%
4Mikal BridgesSuns-Nets
69%
2Mikal BridgesSuns
69%
5Reggie JacksonThunder
69%
5Tony AllenGrizzlies
68%
4Tony AllenGrizzlies
68%
3Jalen BrunsonKnicks
67%
4Jalen BrunsonMavericks
67%
3Evan MobleyCavaliers
66%
2Evan MobleyCavaliers
66%
6MOY1Tyler HerroHeat
66%
5Isaiah ThomasCeltics
65%
5Isaiah ThomasCeltics
65%
2Isaiah ThomasSuns-Celtics
65%
5Julius RandleLakers
65%
MIP1Julius RandleKnicks
65%
3Zion WilliamsonPelicans
65%
3De'Aaron FoxKings
62%
ROY1Scottie BarnesRaptors
62%
3Cade CunninghamPistons
61%
3Darius GarlandCavaliers
60%
5Kevin GarnettCeltics
60%
2Kevin GarnettCeltics
60%
5Klay ThompsonWarriors
60%
DPOY1Marc GasolGrizzlies
60%
2 bisMarc GasolGrizzlies
60%
5Tristan ThompsonCavaliers
60%
ROY1Andrew WigginsTimberwolves
59%
3DeAndre AytonSuns
58%
2John WallWizards
58%
MIP1Brandon IngramPelicans
57%
3Bradley BealWizards
56%
4DeAndre JordanClippers
56%
5DeAndre JordanClippers
56%
3DeAndre JordanClippers
56%
3DeAndre JordanClippers
56%
3Tyrese HaliburtonKings
56%
5Desmond BaneGrizzlies
55%
MIP1Pascal SiakamRaptors
53%
6MOY1Malcolm BrogdonCeltics
51%
ROY1Malcolm BrogdonBucks
51%
2Domantas SabonisPacers
50%
5Al HorfordCeltics
49%
5Coby WhiteBulls
49%
5Zach LaVineBulls
49%
3DeMarcus CousinsKings
47%
2Eric GordonRockets
47%
6MOY1Eric GordonRockets
47%
6MOY1Jordan ClarksonJazz
47%
4Jordan ClarksonJazz
47%
4Jordan PooleWarriors
47%
5Jrue Holiday76ers
47%
MIP1Kevin LoveTimberwolves
46%
2Kevin LoveCavaliers
46%
3Serge IbakaThunder
45%
2Serge IbakaThunder
45%
4Serge IbakaThunder
45%
5 bisManu GinobiliSpurs
44%
4Manu GinobiliSpurs
44%
3Manu GinobiliSpurs
44%
3Walker KesslerJazz
44%
MIP1C.J. McCollumTrail Blazers
43%
6MOY1J.R. SmithKnicks
43%
5J.R. SmithNuggets
43%
4Bennedict MathurinPacers
42%
5Dennis Smith jr.Mavericks
42%
5Evan TurnerCeltics
42%
2Josh SmithHawks
42%
2Kemba WalkerHornets
42%
5Myles TurnerPacers
42%
2D'Angelo RussellNets
40%
5Franz WagnerMagic
40%
2Kristaps PorzingisKnicks
40%
3Cameron JohnsonSuns
39%
5James JohnsonHeat
39%
2Clint CapelaRockets
38%
5Collin SextonCavaliers
38%
5Malik MonkKings
38%
5Rajon RondoCeltics
38%
5Rajon RondoCeltics
38%
5Andre IguodalaWarriors
37%
2Andre IguodalaWarriors
37%
2Andre IguodalaWarriors
37%
4Andre IguodalaWarriors
37%
2Victor OladipoMagic
37%
MIP1Victor OladipoPacers
37%
3Michael Porter jr.Nuggets
36%
4Otto Porter jr.Wizards
36%
3Bobby PortisBucks
34%
2Immanuel QuickleyKnicks
32%
2Jamal CrawfordClippers
32%
5Jamal CrawfordHawks
32%
6MOY1Jamal CrawfordClippers
32%
6MOY1Jamal CrawfordClippers
32%
6MOY1Jamal CrawfordHawks
32%
3Jamal CrawfordClippers
32%
3Tyson ChandlerMavericks
32%
DPOY1Tyson ChandlerKnicks
32%
4Kyle KuzmaLakers
31%
5Nic ClaxtonNets
31%
3Fred VanVleetRaptors
29%
5Nikola VucevicMagic
29%
4Nikola VucevicMagic
29%
4Andre DrummondPistons
27%
4Andre DrummondPistons
27%
2LaMarcus AldridgeTrail Blazers
27%
5Tim Hardaway jr.Mavericks
27%
5Tim Hardaway jr.Knicks
27%
2Ricky RubioTimberwolves
26%
MIP1Aaron BrooksRockets
24%
4Norman PowellClippers
24%
4Buddy HieldPelicans-Kings
23%
4Buddy HieldKings
23%
4Zach RandolphGrizzlies
22%
6MOY1Montrezl HarrellClippers
20%
3Montrezl HarrellClippers
20%
2Jason TerryMavericks
19%
2Jason TerryMavericks
19%
3Jason TerryMavericks
19%
5Paul MillsapHawks
19%
2Roy HibbertPacers
19%
3Spencer DinwiddieNets
19%
4Spencer DinwiddieNets
19%
ROY1Tyreke EvansKings
19%
5Andrew BogutBucks
18%
2Dennis SchroderThunder
18%
MIP1Goran DragicSuns
18%
2Jerami GrantPistons
18%
2Joe InglesJazz
18%
3Gerald WallaceBobcats
17%
3Hassan WhitesideHeat
16%
4Hassan WhitesideHeat
16%
5 bisHassan WhitesideHeat
16%
5Jahlil Okafor76ers
14%
4Kevin MartinThunder
14%
3Brandon JenningsBucks
12%
6MOY1Lamar OdomLakers
12%
3Nerlens Noel76ers
12%
4Elfrid PaytonMagic
11%
4Markieff MorrisSuns
11%
4 bisGeorge HillBucks
10%
2 bisGeorge HillSpurs
10%
2Kendrick NunnHeat
10%
4Saddiq BeyPistons
10%
4Andrew BynumLakers
9%
4Christian WoodRockets
9%
4 bisChristian WoodPistons
9%
2Dario Saric76ers
9%
5Luke KennardClippers
9%
4Brandon ClarkeGrizzlies
8%
3Kenneth FariedNuggets
7%
4Mason PlumleeNets
7%
5Ryan AndersonHornets
7%
MIP1Ryan AndersonMagic
7%
5Greg MonroePistons
6%
4Robert Covington76ers
6%
5 bisTaj GibsonBulls
6%
5 bisTaj GibsonBulls
6%
2Taj GibsonBulls
6%
5Terrence RossMagic
6%
5 bisAndre RobersonThunder
5%
5DeVonte GrahamHornets
5%
5Dion WaitersCavaliers
5%
5Iman ShumpertKnicks
5%
5Jae'Sean TateRockets
5%
2Lance StephensonPacers
5%
4Darren CollisonHornets
4%
5Gary NealSpurs
4%
5 bisJonny FlynnTimberwolves
4%
3Anderson VarejaoCavaliers
3%
3Enes FreedomThunder
3%
3Trey BurkeJazz
3%
5Will BartonNuggets
3%
4Will BartonNuggets
3%
4Will BartonNuggets
3%
2Nikola MiroticBulls
2%
4Al HarringtonNuggets
1%
3Dorell WrightWarriors
1%
3Larry SandersBucks
1%
3Nikola PekovicTimberwolves
1%
5Wayne EllingtonHeat
1%
5 bisWilly HernangomezKnicks
1%
2Ersan IlyasovaBucks
0%
2Greivis VasquezHornets
0%
5Kris HumphriesNets
0%
4Landry FieldsKnicks
0%

Distribution des résultats

Percentile par nombre de réponses

% des personnes avec chaque résultat

Votre développement - résultats

Vous n’avez pas pris ce quiz